000 00435nam a2200181Ia 4500
005 20240823033343.0
008 240823s9999||||xx |||||||||||||| ||und||
041 _aENGLISH
082 _A005.74 P8
100 _aThanikaiarasu S
245 0 _aComputeril Database Nirvagam Seyyum Muraigal
250 _a1st
260 _c2008
_bNarmatha Pathi
500 _aYES
650 _aTamil Books
_bGeneral
942 _cBK
999 _c195610
_d195610